| 000 | 00000nam##2200000za#4500 |
| 001 | 9.624858 |
| 003 | CaOODSP |
| 005 | 20200327181705 |
| 007 | ta |
| 008 | 150406|1998||||xxc||||| f|0| 0 fre|d |
| 020 | |a0-662-83163-2 |
| 040 | |aCaOODSP|bfre |
| 043 | |an-cn--- |
| 086 | 1 |aF21-6/1998-12F |
| 110 | 1 |aCanada.|bMinistère des finances.|bGroupe de travail sur l'avenir du secteur des services financiers canadien. |
| 245 | 13|aLe système de versement des prestations publiques au Canada et le secteur des services financiers : |bl'adoption du virement direct obligatoire: le cas de l'Alberta / |cpar Michael Grant. |
| 260 | |aOttawa - Ontario : |bFinances Canada. |c1998. |
| 300 | |a28p. : |bgraphiques, références, tableaux ; |c28 cm. |
| 490 | 1 |aDocument de recherche préparé pour le Groupe de travail sur l'avenir du secteur des services financiers canadien |
| 500 | |aN.B.: Le numéro de catalogue (BT22-61/3-1998F-12) imprimé dans cette publication est incorrect. |
| 563 | |aCouverture souple |
| 590 | |a98-45|b1998-11-06 |
| 691 | 07|aInstitution financière|2gcpds |
| 720 | 1 |aGrant, Michael |
| 775 | 08|tCanada's social payment disbursement system and the financial services sector : |w(CaOODSP)9.614541 |
| 776 | 0#|tLe système de versement des prestations publiques au Canada et le secteur des services financiers / |w(CaOODSP)9.602684 |
| 830 | #0|aDocument de recherche préparé pour le Groupe de travail sur l'avenir du secteur des services financiers canadien.|w(CaOODSP)9.513003 |